[Event "NED-chT 1112"]
[Site "Netherlands"]
[Date "2012.04.22"]
[Round "9.1"]
[White "Winants, Luc"]
[Black "Giri, Anish"]
[Result "0-1"]
[WhiteElo "2540"]
[BlackElo "2717"]
[PlyCount "54"]
[EventDate "2011.09.17"]
[EventType "team-tourn"]
[EventRounds "9"]
[EventCountry "NED"]
[SourceTitle "EXT 2013"]
[Source "ChessBase"]
[SourceDate "2012.11.22"]
[SourceVersion "1"]
[SourceVersionDate "2012.11.22"]
[SourceQuality "1"]
[WhiteTeam "Rotterdam"]
[BlackTeam "Calder HMC"]
[WhiteTeamCountry "NED"]
[BlackTeamCountry "NED"]

1. d4 Nf6 2. Nf3 g6 3. Bg5 Bg7 4. Nbd2 c5 5. e3 d6 6. c3 O-O 7. Bd3 b6 8. O-O
Bb7 9. Re1 Nbd7 10. a4 a6 11. e4 h6 12. Bxf6 Nxf6 13. Qb3 e6 14. Rad1 Qc7 15.
h4 Rab8 16. Bb1 Ba8 17. Qc4 b5 18. axb5 axb5 19. Qe2 b4 20. e5 bxc3 21. exf6
cxd2 22. Qxd2 Bxf6 23. Qxh6 Bg7 24. Qg5 Qd8 25. Qg4 Bxf3 26. gxf3 cxd4 27. h5
Rb5 0-1

[Event "IND-chA 49th"]
[Site "Aurangabad"]
[Date "2011.10.09"]
[Round "1"]
[White "Girish, A Koushnik"]
[Black "Arun Prasad, Subramanian"]
[Result "0-1"]
[WhiteElo "2379"]
[BlackElo "2522"]
[PlyCount "150"]
[EventDate "2011.10.09"]
[EventType "swiss"]
[EventRounds "13"]
[EventCountry "IND"]
[SourceTitle "CBM 144 Extra"]
[Source "ChessBase"]
[SourceDate "2011.10.28"]
[SourceVersion "1"]
[SourceVersionDate "2011.10.28"]
[SourceQuality "1"]

1. e4 c5 2. Nf3 d6 3. d4 cxd4 4. Nxd4 Nf6 5. Nc3 a6 6. f4 e6 7. Be2 Qc7 8. O-O
Be7 9. Be3 Nc6 10. Qe1 Nxd4 11. Bxd4 b5 12. Bf3 Bb7 13. e5 dxe5 14. Qxe5 Rc8
15. Bxb7 Qxb7 16. a3 O-O 17. Rad1 Rfd8 18. Rd3 b4 19. axb4 Qxb4 20. Rfd1 h6 21.
f5 Bd6 22. Qe2 Bc5 23. Bf2 Rxd3 24. cxd3 Bxf2+ 25. Qxf2 Ng4 26. Qa7 Qf4 27. h3
Qh2+ 28. Kf1 Qf4+ 29. Kg1 Qh2+ 30. Kf1 Qh1+ 31. Qg1 Ne3+ 32. Ke2 Qxg1 33. Rxg1
Nxf5 34. g4 Nd4+ 35. Ke3 Nc2+ 36. Kd2 Nb4 37. Rf1 Rd8 38. Rf3 Kf8 39. Ne4 Ke7
40. Kc3 Nd5+ 41. Kc4 Rc8+ 42. Kb3 f6 43. d4 Rb8+ 44. Ka3 Nb4 45. Rc3 Nd5 46.
Rc6 Rb6 47. Rc8 f5 48. Nc5 f4 49. Nd3 Rd6 50. Ne5 Ne3 51. Rc7+ Ke8 52. Rc8+ Rd8
53. Rc6 Rxd4 54. Rxe6+ Kf8 55. Rxa6 Nc4+ 56. Nxc4 Rxc4 57. Rd6 Ke7 58. Rd3 Ke6
59. b4 Ke5 60. b5 Rc7 61. Kb4 Rf7 62. b6 f3 63. Kc3 f2 64. b7 Rxb7 65. Rf3 Rb1
66. Rxf2 Rh1 67. Rf5+ Ke4 68. Rh5 Kf4 69. Kd4 Kg3 70. g5 Rxh3 71. Rxh3+ Kxh3
72. gxh6 gxh6 73. Ke3 Kg3 74. Ke2 Kg2 75. Ke3 h5 0-1

[Event "IND-chA 49th"]
[Site "Aurangabad"]
[Date "2011.10.10"]
[Round "2"]
[White "Krishna, CRG."]
[Black "Girish, A Koushnik"]
[Result "0-1"]
[WhiteElo "2317"]
[BlackElo "2379"]
[PlyCount "62"]
[EventDate "2011.10.09"]
[EventType "swiss"]
[EventRounds "13"]
[EventCountry "IND"]
[SourceTitle "CBM 144 Extra"]
[Source "ChessBase"]
[SourceDate "2011.10.28"]
[SourceVersion "1"]
[SourceVersionDate "2011.10.28"]
[SourceQuality "1"]

1. d4 Nf6 2. c4 e6 3. g3 d5 4. Nf3 Bb4+ 5. Bd2 Be7 6. Bg2 O-O 7. O-O c6 8. Qc2
Nbd7 9. b3 b6 10. Bc3 Bb7 11. Nbd2 c5 12. Rad1 Qc7 13. Qb2 Rfe8 14. Rc1 Bf8 15.
e3 Rac8 16. Rfd1 Qb8 17. Ne5 Qa8 18. Nxd7 Nxd7 19. cxd5 Bxd5 20. Bxd5 Qxd5 21.
Nc4 Qh5 22. a4 Red8 23. Kg2 a6 24. dxc5 Nxc5 25. Bd4 b5 26. axb5 axb5 27. Ne5
f6 28. Nd3 Nxd3 29. Rxd3 Rxc1 30. Qxc1 e5 31. Qc7 Qe8 0-1

[Event "IND-chA 49th"]
[Site "Aurangabad"]
[Date "2011.10.11"]
[Round "3"]
[White "Sundararajan, Kidambi"]
[Black "Girish, A Koushnik"]
[Result "1/2-1/2"]
[WhiteElo "2474"]
[BlackElo "2379"]
[PlyCount "59"]
[EventDate "2011.10.09"]
[EventType "swiss"]
[EventRounds "13"]
[EventCountry "IND"]
[SourceTitle "CBM 144 Extra"]
[Source "ChessBase"]
[SourceDate "2011.10.28"]
[SourceVersion "1"]
[SourceVersionDate "2011.10.28"]
[SourceQuality "1"]

1. d4 d5 2. Nf3 Nf6 3. e3 Bf5 4. c4 e6 5. Qb3 Qc8 6. Nc3 c6 7. Nh4 Bg6 8. Be2
Be7 9. Nxg6 hxg6 10. Bd2 Nbd7 11. h3 Qc7 12. Qc2 O-O 13. O-O dxc4 14. Bxc4 Nb6
15. Be2 Rfd8 16. Rad1 Rac8 17. Ne4 Nxe4 18. Qxe4 Bf6 19. Bc1 Nd5 20. Qc2 c5 21.
dxc5 Qxc5 22. Qxc5 Rxc5 23. a3 Rdc8 24. Bd3 Nb6 25. Be4 R5c7 26. b3 Nd7 27. Bd2
Nc5 28. Bc2 Na4 29. Be4 Nc5 30. Bc2 1/2-1/2

[Event "IND-chA 49th"]
[Site "Aurangabad"]
[Date "2011.10.12"]
[Round "4"]
[White "Girish, A Koushnik"]
[Black "Karthikeyan, Pandian"]
[Result "0-1"]
[WhiteElo "2379"]
[BlackElo "2408"]
[PlyCount "72"]
[EventDate "2011.10.09"]
[EventType "swiss"]
[EventRounds "13"]
[EventCountry "IND"]
[SourceTitle "CBM 144 Extra"]
[Source "ChessBase"]
[SourceDate "2011.10.28"]
[SourceVersion "1"]
[SourceVersionDate "2011.10.28"]
[SourceQuality "1"]

1. e4 e5 2. Nf3 Nc6 3. Bb5 a6 4. Ba4 Nge7 5. Nc3 g6 6. d4 exd4 7. Nd5 Bg7 8.
Bg5 h6 9. Bf6 Bxf6 10. Nxf6+ Kf8 11. O-O Nf5 12. Nd5 Ng7 13. Nxd4 b5 14. Bb3
Na5 15. f4 c5 16. f5 g5 17. Nf3 c4 18. Ne5 Nc6 19. Ng6+ Kg8 20. e5 Ne8 21. Nxh8
Nxe5 22. Qh5 Bb7 23. Rae1 Bxd5 24. Rxe5 Nf6 25. Qxh6 Ng4 26. Qd6 Nxe5 27. Qxe5
Bb7 28. Qd4 Qe7 29. Qg4 Qe3+ 30. Kh1 Kxh8 31. Qh5+ Kg8 32. Qh6 Qd2 33. Rg1 Re8
34. h4 Re4 35. hxg5 Qf2 36. Qh2 Rh4 0-1

[Event "IND-chA 49th"]
[Site "Aurangabad"]
[Date "2011.10.15"]
[Round "7"]
[White "Shyam, Sundar M"]
[Black "Girish, A Koushnik"]
[Result "1-0"]
[WhiteElo "2457"]
[BlackElo "2379"]
[PlyCount "55"]
[EventDate "2011.10.09"]
[EventType "swiss"]
[EventRounds "13"]
[EventCountry "IND"]
[SourceTitle "CBM 144 Extra"]
[Source "ChessBase"]
[SourceDate "2011.10.28"]
[SourceVersion "1"]
[SourceVersionDate "2011.10.28"]
[SourceQuality "1"]

1. e4 e5 2. Nf3 Nc6 3. Bb5 a6 4. Ba4 Nf6 5. O-O Be7 6. Re1 b5 7. Bb3 d6 8. c3
O-O 9. h3 h6 10. d4 Re8 11. Nbd2 Bf8 12. a3 Bd7 13. Bc2 Na5 14. b4 Nb7 15. Bb2
c6 16. dxe5 dxe5 17. c4 Qc7 18. c5 Rad8 19. Bb3 Nh5 20. Ng5 hxg5 21. Qxh5 Bxh3
22. Nf3 Be6 23. Nxg5 Bxc5 24. Bxe6 Rxe6 25. Qh7+ Kf8 26. Nxe6+ fxe6 27. bxc5
Nxc5 28. Re3 1-0

[Event "IND-chA 49th"]
[Site "Aurangabad"]
[Date "2011.10.16"]
[Round "8"]
[White "Girish, A Koushnik"]
[Black "Vidit, Santosh Gujrathi"]
[Result "1/2-1/2"]
[WhiteElo "2379"]
[BlackElo "2508"]
[PlyCount "60"]
[EventDate "2011.10.09"]
[EventType "swiss"]
[EventRounds "13"]
[EventCountry "IND"]
[SourceTitle "CBM 144 Extra"]
[Source "ChessBase"]
[SourceDate "2011.10.28"]
[SourceVersion "1"]
[SourceVersionDate "2011.10.28"]
[SourceQuality "1"]

1. d4 Nf6 2. Nf3 e6 3. c4 d5 4. Nc3 Bb4 5. Qa4+ Nc6 6. e3 O-O 7. Bd3 dxc4 8.
Bxc4 a6 9. O-O Bd6 10. Be2 e5 11. dxe5 Nxe5 12. Nxe5 Bxe5 13. Qc2 Qe7 14. Bd2
Bd7 15. Bf3 Rab8 16. h3 Bd6 17. Ne2 h6 18. Bc3 Nh7 19. Nf4 Qg5 20. Rad1 Bf5 21.
Be4 Bxe4 22. Qxe4 Rfe8 23. Qf3 Nf6 24. b3 Be5 25. Bxe5 Qxe5 26. Rd3 c6 27. Rfd1
Qa5 28. a4 Rbd8 29. b4 Qc7 30. a5 Rxd3 1/2-1/2

[Event "IND-chA 49th"]
[Site "Aurangabad"]
[Date "2011.10.17"]
[Round "9"]
[White "Adhiban, Baskaran"]
[Black "Girish, A Koushnik"]
[Result "1-0"]
[WhiteElo "2551"]
[BlackElo "2379"]
[PlyCount "135"]
[EventDate "2011.10.09"]
[EventType "swiss"]
[EventRounds "13"]
[EventCountry "IND"]
[SourceTitle "CBM 144 Extra"]
[Source "ChessBase"]
[SourceDate "2011.10.28"]
[SourceVersion "1"]
[SourceVersionDate "2011.10.28"]
[SourceQuality "1"]

1. d4 d5 2. c4 e6 3. Nc3 Nf6 4. cxd5 exd5 5. Bg5 Be7 6. e3 O-O 7. Bd3 Nbd7 8.
Nf3 Re8 9. O-O c6 10. Qc2 Nf8 11. h3 g6 12. Bh6 Ne6 13. Ne5 Ng7 14. g4 Nd7 15.
f4 Nxe5 16. fxe5 Bh4 17. Rf3 Be6 18. Raf1 Bg5 19. Bxg5 Qxg5 20. Kh2 Rac8 21.
Qf2 Qe7 22. Rf6 Red8 23. Ne2 Ne8 24. Rf3 Rc7 25. Ng3 Qh4 26. Rf4 b6 27. Qf3
Rdd7 28. Qg2 Qg5 29. Ne2 c5 30. Qg3 cxd4 31. exd4 Qe7 32. a3 Rd8 33. R4f2 Rdc8
34. Qe3 Ng7 35. Qh6 b5 36. Ng3 b4 37. Nf5 Qf8 38. Qxg7+ Qxg7 39. Nxg7 Kxg7 40.
axb4 Rc1 41. b5 Kf8 42. Kg3 Ke7 43. g5 R8c7 44. h4 Kd8 45. Kf4 Bh3 46. Rxc1
Rxc1 47. Ke3 Be6 48. Rf1 Rxf1 49. Bxf1 Kc7 50. Kd2 Kb6 51. Kc3 Ka5 52. Bd3 Bd7
53. Be2 Bf5 54. h5 Bd7 55. h6 Bf5 56. Bf1 Bd7 57. Kb3 Bg4 58. Ka3 Bd7 59. Be2
Be6 60. b3 Bd7 61. b4+ Kb6 62. Bf3 Be6 63. Ka4 Kc7 64. Ka5 Kb7 65. Bg2 Kb8 66.
b6 Kb7 67. bxa7 Kxa7 68. Kb5 1-0

[Event "IND-chA 49th"]
[Site "Aurangabad"]
[Date "2011.10.18"]
[Round "10"]
[White "Girish, A Koushnik"]
[Black "Narayanan, Srinath"]
[Result "1/2-1/2"]
[WhiteElo "2379"]
[BlackElo "2336"]
[PlyCount "120"]
[EventDate "2011.10.09"]
[EventType "swiss"]
[EventRounds "13"]
[EventCountry "IND"]
[SourceTitle "CBM 144 Extra"]
[Source "ChessBase"]
[SourceDate "2011.10.28"]
[SourceVersion "1"]
[SourceVersionDate "2011.10.28"]
[SourceQuality "1"]

1. d4 Nf6 2. c4 e6 3. Nf3 c5 4. d5 d6 5. Nc3 exd5 6. cxd5 g6 7. h3 Bg7 8. e4
O-O 9. Bd3 b5 10. Nxb5 Nxe4 11. O-O Re8 12. Re1 a6 13. Na3 Nf6 14. Rxe8+ Nxe8
15. Bg5 Nf6 16. Nc4 Bb7 17. Nfd2 Qc7 18. Bxf6 Bxf6 19. Qf3 Nd7 20. Re1 Kg7 21.
Re2 h5 22. Bc2 a5 23. Qf4 Bxd5 24. Be4 Bxc4 25. Nxc4 Be5 26. Qd2 Rb8 27. b3 a4
28. Bc2 axb3 29. Bxb3 Re8 30. Nxd6 Re7 31. Nc4 Bh2+ 32. Kh1 Bf4 33. Qb2+ Nf6
34. g3 Bc1 35. Qc2 Rxe2 36. Qxe2 h4 37. g4 Qf4 38. Kg2 Ne4 39. Qf3 Qxf3+ 40.
Kxf3 Nd2+ 41. Nxd2 Bxd2 42. Ke4 Be1 43. f3 Kf6 44. a4 g5 45. Kd5 Bb4 46. Bc4
Be1 47. Ke4 Bd2 48. Bb3 Ke7 49. Kd5 Kd7 50. Kxc5 Kc7 51. Bxf7 Kb7 52. Kb5 Ka7
53. a5 Bc1 54. a6 Bf4 55. Bc4 Bc1 56. Kc6 Bd2 57. Kd5 Bc1 58. Ke4 Bd2 59. Kd3
Bc1 60. Ke2 Bf4 1/2-1/2

[Event "IND-chA 49th"]
[Site "Aurangabad"]
[Date "2011.10.19"]
[Round "11"]
[White "Girish, A Koushnik"]
[Black "Swapnil, S Dhopade"]
[Result "1-0"]
[WhiteElo "2379"]
[BlackElo "2411"]
[PlyCount "67"]
[EventDate "2011.10.09"]
[EventType "swiss"]
[EventRounds "13"]
[EventCountry "IND"]
[SourceTitle "CBM 144 Extra"]
[Source "ChessBase"]
[SourceDate "2011.10.28"]
[SourceVersion "1"]
[SourceVersionDate "2011.10.28"]
[SourceQuality "1"]

1. d4 Nf6 2. c4 e6 3. Nf3 c5 4. d5 exd5 5. cxd5 d6 6. Nc3 g6 7. Qa4+ Bd7 8. Qb3
Qc7 9. Nd2 Bg7 10. Nc4 O-O 11. Bf4 Ne8 12. g3 f5 13. Bg2 Na6 14. O-O Rd8 15.
Rac1 Qb8 16. a3 Kh8 17. Nb5 Bxb5 18. Qxb5 Nac7 19. Qb3 b6 20. h4 Rd7 21. h5 Qd8
22. hxg6 hxg6 23. e4 b5 24. Na5 Qf6 25. exf5 Qxf5 26. Nc6 a6 27. Rce1 Bf6 28.
Be4 Qh5 29. Kg2 c4 30. Qc2 Nxd5 31. Bc1 Kg8 32. Rh1 Nf4+ 33. Bxf4 Qc5 34. Be3
1-0

[Event "IND-chA 49th"]
[Site "Aurangabad"]
[Date "2011.10.20"]
[Round "12"]
[White "Bakre, Tejas"]
[Black "Girish, A Koushnik"]
[Result "1-0"]
[WhiteElo "2507"]
[BlackElo "2379"]
[PlyCount "129"]
[EventDate "2011.10.09"]
[EventType "swiss"]
[EventRounds "13"]
[EventCountry "IND"]
[SourceTitle "CBM 144 Extra"]
[Source "ChessBase"]
[SourceDate "2011.10.28"]
[SourceVersion "1"]
[SourceVersionDate "2011.10.28"]
[SourceQuality "1"]

1. c4 Nf6 2. Nc3 d5 3. cxd5 Nxd5 4. g3 g6 5. Bg2 Nxc3 6. bxc3 Bg7 7. Rb1 Nc6 8.
Nf3 O-O 9. O-O Na5 10. Qa4 c5 11. Ng5 Bd7 12. Qa3 Qc7 13. d4 cxd4 14. cxd4 h6
15. Ne4 Bc6 16. Bf4 Qd8 17. d5 Bxd5 18. Rfd1 e6 19. Nc3 Nc4 20. Qc1 Nb6 21.
Bxh6 Rc8 22. Bxg7 Kxg7 23. Qa3 Qf6 24. Nxd5 Nxd5 25. Bxd5 exd5 26. Rxb7 Rc2 27.
Qe7 Rxa2 28. Rxa7 Rxa7 29. Qxa7 Re8 30. e3 Re4 31. Rxd5 Rc4 32. Rd1 Rc2 33. Rf1
Kh7 34. Qb7 Rb2 35. Qe4 Ra2 36. Kg2 Kg7 37. Qf3 Qe6 38. Rd1 Ra5 39. Rd8 Rh5 40.
h4 Ra5 41. Qf4 Qc6+ 42. Kh2 Rf5 43. Qd4+ Rf6 44. e4 Qc2 45. Kg2 Qc6 46. g4 Qb6
47. Qxb6 Rxb6 48. Kg3 Rb3+ 49. f3 Rb1 50. Rd5 Rg1+ 51. Kf4 Rh1 52. h5 gxh5 53.
Rxh5 Rf1 54. Ra5 Kg6 55. Ra6+ Kg7 56. g5 Rf2 57. Kg4 Rf1 58. f4 Rb1 59. Kf5
Rb5+ 60. e5 Rb4 61. g6 fxg6+ 62. Rxg6+ Kf7 63. Rh6 Kg7 64. Ra6 Rb7 65. Ke6 1-0

[Event "IND-chA 49th"]
[Site "Aurangabad"]
[Date "2011.10.21"]
[Round "13"]
[White "Girish, A Koushnik"]
[Black "Rathnakaran, Kantholi"]
[Result "1-0"]
[WhiteElo "2379"]
[BlackElo "2386"]
[PlyCount "57"]
[EventDate "2011.10.09"]
[EventType "swiss"]
[EventRounds "13"]
[EventCountry "IND"]
[SourceTitle "CBM 144 Extra"]
[Source "ChessBase"]
[SourceDate "2011.10.28"]
[SourceVersion "1"]
[SourceVersionDate "2011.10.28"]
[SourceQuality "1"]

1. d4 Nf6 2. c4 c5 3. d5 e6 4. Nc3 exd5 5. cxd5 d6 6. Nf3 g6 7. Qa4+ Nbd7 8.
Bf4 a6 9. e4 Nh5 10. Bg5 f6 11. Be3 Kf7 12. Be2 b5 13. Qc2 Ng7 14. O-O h5 15.
Nd2 Ne5 16. h3 Kg8 17. f4 Nf7 18. Nf3 g5 19. fxg5 fxg5 20. e5 dxe5 21. Nxg5
Nxg5 22. Qg6 Bd7 23. Ne4 Rh6 24. Qxh6 Nxe4 25. Bd3 Qh4 26. Qg6 Qg3 27. Qxe4 Bf5
28. Rxf5 Nxf5 29. Bf2 1-0

[Event "World ol U16"]
[Site "Kocaeli"]
[Date "2011.10.26"]
[Round "4.6"]
[White "Bajarani, Ulvi"]
[Black "Girish, A Koushnik"]
[Result "1-0"]
[WhiteElo "2434"]
[BlackElo "2379"]
[PlyCount "77"]
[EventDate "2011.10.24"]
[EventType "team-swiss"]
[EventRounds "10"]
[EventCountry "TUR"]
[SourceTitle "EXT 2012"]
[Source "ChessBase"]
[SourceDate "2011.11.24"]
[SourceVersion "1"]
[SourceVersionDate "2011.11.24"]
[SourceQuality "1"]
[WhiteTeam "Azerbaijan"]
[BlackTeam "India"]
[WhiteTeamCountry "AZE"]
[BlackTeamCountry "IND"]

1. Nf3 d5 2. d4 Nf6 3. c4 c6 4. e3 Bf5 5. Nc3 e6 6. Nh4 Bg6 7. Nxg6 hxg6 8. g3
Nbd7 9. Bd2 Be7 10. b3 a6 11. Bg2 Rc8 12. O-O O-O 13. Qe2 b5 14. Rad1 Re8 15.
f4 dxc4 16. bxc4 Nb6 17. c5 Nc4 18. Nb1 Qd7 19. Bc1 Bd8 20. Nd2 Nxd2 21. Qxd2
Bc7 22. Bb2 Rcd8 23. Qe2 a5 24. e4 a4 25. Bc1 Ba5 26. Rd3 Qe7 27. Be3 Rd7 28.
g4 Red8 29. Rfd1 Kf8 30. Bf2 Ng8 31. e5 Rc7 32. Rh3 Qd7 33. Rh8 Bc3 34. Qd3 b4
35. Qh3 f6 36. Qh7 Qf7 37. exf6 gxf6 38. Rxg8+ Qxg8 39. Qxc7 1-0

[Event "World ol U16"]
[Site "Kocaeli"]
[Date "2011.10.26"]
[Round "5.13"]
[White "Balacek, Tadeas"]
[Black "Girish, A Koushnik"]
[Result "1-0"]
[WhiteElo "2245"]
[BlackElo "2379"]
[PlyCount "96"]
[EventDate "2011.10.24"]
[EventType "team-swiss"]
[EventRounds "10"]
[EventCountry "TUR"]
[SourceTitle "EXT 2012"]
[Source "ChessBase"]
[SourceDate "2011.11.24"]
[SourceVersion "1"]
[SourceVersionDate "2011.11.24"]
[SourceQuality "1"]
[WhiteTeam "Czech Republic"]
[BlackTeam "India"]
[WhiteTeamCountry "CZE"]
[BlackTeamCountry "IND"]

1. d4 Nf6 2. c4 g6 3. Nc3 d5 4. Nf3 Bg7 5. e3 O-O 6. cxd5 Nxd5 7. Bc4 Nb6 8.
Bb3 Nc6 9. O-O e5 10. d5 Na5 11. e4 Nac4 12. Qe2 Nd6 13. Be3 h6 14. Rac1 Bd7
15. a4 a6 16. Bc5 Re8 17. a5 Nbc8 18. Nd2 f5 19. f3 f4 20. Ba4 g5 21. Bxd7 Qxd7
22. Rc2 Bf6 23. Rfc1 Re7 24. Ba3 Rg7 25. Nb3 b6 26. Nd1 Bd8 27. Nf2 h5 28. Nd3
Qa4 29. axb6 cxb6 30. Rc3 Bf6 31. Nd2 Kh7 32. Rc6 Qd4+ 33. Kf1 Be7 34. b3 Qe3
35. Nxe5 Nb5 36. Bb2 Bc5 37. Qxe3 Be7 38. Qe2 Bc5 39. Qe3 fxe3 40. Ndc4 Bd4 41.
Rd1 Bxb2 42. Nxb2 Ne7 43. Rc4 g4 44. d6 gxf3 45. gxf3 Rag8 46. dxe7 Rg2 47. Ng4
e2+ 48. Kxg2 hxg4 1-0

[Event "World ol U16"]
[Site "Kocaeli"]
[Date "2011.10.27"]
[Round "6.18"]
[White "Girish, A Koushnik"]
[Black "Pechac, Jergus"]
[Result "1-0"]
[WhiteElo "2379"]
[BlackElo "1960"]
[PlyCount "77"]
[EventDate "2011.10.24"]
[EventType "team-swiss"]
[EventRounds "10"]
[EventCountry "TUR"]
[SourceTitle "EXT 2012"]
[Source "ChessBase"]
[SourceDate "2011.11.24"]
[SourceVersion "1"]
[SourceVersionDate "2011.11.24"]
[SourceQuality "1"]
[WhiteTeam "India"]
[BlackTeam "Slovakia"]
[WhiteTeamCountry "IND"]
[BlackTeamCountry "SVK"]

1. d4 d5 2. Nf3 b5 3. Bf4 Nf6 4. e3 c6 5. Bd3 Bg4 6. Nbd2 e6 7. h3 Bh5 8. g4
Bg6 9. Ne5 Bd6 10. h4 Bxe5 11. Bxe5 Nbd7 12. Bf4 h6 13. h5 Bxd3 14. cxd3 Qe7
15. Rc1 Rc8 16. Rg1 e5 17. dxe5 Nxe5 18. Bxe5 Qxe5 19. d4 Qe6 20. Qf3 Ke7 21.
Nb3 Qe4 22. Qg3 Nd7 23. Kd2 f6 24. Rc2 a5 25. Rgc1 a4 26. Rxc6 Rxc6 27. Rxc6
axb3 28. Qd6+ Kd8 29. Rc7 Qxg4 30. Ra7 Ke8 31. Ra8+ Kf7 32. Qxd5+ Qe6 33. Qxe6+
Kxe6 34. Rxh8 bxa2 35. Ra8 f5 36. Rxa2 Nf6 37. Ra5 Nxh5 38. Rxb5 Nf6 39. Re5+
1-0

[Event "World ol U16"]
[Site "Kocaeli"]
[Date "2011.10.29"]
[Round "7.6"]
[White "Fedoseev, Vladimir"]
[Black "Girish, A Koushnik"]
[Result "1-0"]
[WhiteElo "2523"]
[BlackElo "2379"]
[PlyCount "85"]
[EventDate "2011.10.24"]
[EventType "team-swiss"]
[EventRounds "10"]
[EventCountry "TUR"]
[SourceTitle "EXT 2012"]
[Source "ChessBase"]
[SourceDate "2011.11.24"]
[SourceVersion "1"]
[SourceVersionDate "2011.11.24"]
[SourceQuality "1"]
[WhiteTeam "Russia"]
[BlackTeam "India"]
[WhiteTeamCountry "RUS"]
[BlackTeamCountry "IND"]

1. c4 Nf6 2. g3 g6 3. Bg2 d5 4. cxd5 Nxd5 5. Nf3 Bg7 6. O-O O-O 7. d4 Nb6 8.
Nc3 Nc6 9. d5 Na5 10. Qc2 c6 11. dxc6 Nxc6 12. Rd1 Bf5 13. e4 Bd7 14. Qe2 Qc8
15. Be3 Bg4 16. Rac1 Qe6 17. h3 Bxf3 18. Bxf3 Ne5 19. Bg2 Nec4 20. Bc5 Rac8 21.
b4 a5 22. f4 axb4 23. Bxb4 Nd6 24. e5 Nf5 25. Ne4 Na4 26. Qf2 Rxc1 27. Rxc1 Rd8
28. Ng5 Qd7 29. Kh2 f6 30. exf6 Bxf6 31. Ne4 Bd4 32. Qc2 Nb6 33. Ba5 Kg7 34.
Qb3 Qd5 35. Bxb6 Qxb3 36. Bxd4+ Nxd4 37. axb3 Nxb3 38. Rc7 Kf8 39. Rxb7 Nd4 40.
Rb2 h6 41. h4 Nf5 42. Bh3 Rd3 43. h5 1-0

[Event "World ol U16"]
[Site "Kocaeli"]
[Date "2011.10.29"]
[Round "8.10"]
[White "Girish, A Koushnik"]
[Black "Javanbakht, Nima"]
[Result "0-1"]
[WhiteElo "2379"]
[BlackElo "2311"]
[PlyCount "102"]
[EventDate "2011.10.24"]
[EventType "team-swiss"]
[EventRounds "10"]
[EventCountry "TUR"]
[SourceTitle "EXT 2012"]
[Source "ChessBase"]
[SourceDate "2011.11.24"]
[SourceVersion "1"]
[SourceVersionDate "2011.11.24"]
[SourceQuality "1"]
[WhiteTeam "India"]
[BlackTeam "Iran"]
[WhiteTeamCountry "IND"]
[BlackTeamCountry "IRI"]

1. d4 d5 2. Nf3 Nf6 3. c4 e6 4. Nc3 Be7 5. Bg5 O-O 6. e3 a6 7. cxd5 exd5 8. Bd3
Nbd7 9. O-O c6 10. Qc2 Re8 11. h3 Nf8 12. Rae1 Be6 13. Ne5 N6d7 14. Bxe7 Qxe7
15. f4 f6 16. Nf3 c5 17. e4 dxe4 18. Nxe4 cxd4 19. f5 Rec8 20. Qa4 Bf7 21. Qxd4
Ne5 22. Nxe5 Qxe5 23. Qxe5 fxe5 24. Nd6 Rd8 25. Nxf7 Kxf7 26. Be4 Rd7 27. Kf2
Rad8 28. Ke3 h6 29. Rf2 Nh7 30. Rfe2 Nf6 31. Bb1 b5 32. Kf3 Rd2 33. a3 R8d4 34.
g3 e4+ 35. Kf4 a5 36. g4 b4 37. axb4 axb4 38. Ba2+ Ke7 39. Be6 Kd6 40. b3 Rxe2
41. Rxe2 Rd3 42. Re3 g5+ 43. fxg6 Rxe3 44. Kxe3 Kxe6 45. Kf4 Kd5 46. Ke3 Ke5
47. g7 Ng8 48. h4 Nf6 49. g5 hxg5 50. h5 Ng8 51. Ke2 Kf4 0-1

[Event "Wch U14"]
[Site "Caldas Novas"]
[Date "2011.11.18"]
[Round "1"]
[White "Ulanowski, Karol"]
[Black "Girish, A Koushnik"]
[Result "1/2-1/2"]
[WhiteElo "1894"]
[BlackElo "2394"]
[PlyCount "87"]
[EventDate "2011.11.18"]
[EventType "swiss"]
[EventRounds "9"]
[EventCountry "BRA"]
[SourceTitle "EXT 2013"]
[Source "ChessBase"]
[SourceDate "2012.11.22"]
[SourceVersion "1"]
[SourceVersionDate "2012.11.22"]
[SourceQuality "1"]

1. e4 e5 2. Nf3 Nc6 3. Bb5 a6 4. Ba4 Nf6 5. O-O Be7 6. Re1 b5 7. Bb3 d6 8. c3
O-O 9. h3 h6 10. d4 Re8 11. Nbd2 Bf8 12. Nf1 Bd7 13. Ng3 Na5 14. Bc2 c5 15. b3
Nc6 16. d5 Ne7 17. Be3 Ng6 18. Qd2 Nh7 19. Nf5 Bxf5 20. exf5 Nh4 21. Nxh4 Qxh4
22. a4 Qe7 23. axb5 axb5 24. Bd3 Qd7 25. Qe2 c4 26. bxc4 bxc4 27. Bc2 Qb5 28.
Rab1 Qxd5 29. Red1 Qa5 30. Be4 Rab8 31. Rxb8 Rxb8 32. Qxc4 Nf6 33. Bd5 Nxd5 34.
Rxd5 Qa1+ 35. Kh2 Qb1 36. Rd3 Ra8 37. Bxh6 d5 38. Qxd5 Ra6 39. Rd1 Qb8 40. Bd2
Qb2 41. Be3 Rd6 42. Qf3 e4 43. Qg4 Qxc3 44. Rxd6 1/2-1/2

[Event "Wch U14"]
[Site "Caldas Novas"]
[Date "2011.11.20"]
[Round "4"]
[White "Girish, A Koushnik"]
[Black "Azua Avila, Vicente"]
[Result "1-0"]
[WhiteElo "2394"]
[BlackElo "1870"]
[PlyCount "149"]
[EventDate "2011.11.18"]
[EventType "swiss"]
[EventRounds "9"]
[EventCountry "BRA"]
[SourceTitle "EXT 2013"]
[Source "ChessBase"]
[SourceDate "2012.11.22"]
[SourceVersion "1"]
[SourceVersionDate "2012.11.22"]
[SourceQuality "1"]

1. d4 Nf6 2. c4 e6 3. Nf3 b6 4. g3 Bb7 5. Bg2 Be7 6. Nc3 O-O 7. O-O d5 8. Ne5
c5 9. dxc5 Bxc5 10. Bf4 Ne4 11. cxd5 exd5 12. Qb3 Na6 13. Rad1 Nxc3 14. bxc3
Nc7 15. c4 Ne6 16. cxd5 Nxf4 17. gxf4 Rc8 18. Rd2 Bd6 19. e3 a5 20. Nc6 Qc7 21.
Rb1 g5 22. Qxb6 Bxc6 23. dxc6 Rb8 24. Qb7 Qe7 25. Rb5 Rxb7 26. Rxb7 Qf6 27. Rd7
Bb4 28. fxg5 Qxg5 29. Rc2 Qg4 30. Rd4 Qg6 31. Rcc4 Qb1+ 32. Bf1 Rc8 33. Kg2 Be1
34. Bd3 Qxa2 35. Bc2 Rc7 36. Kf1 Bb4 37. Rg4+ Kf8 38. Bxh7 Bd6 39. h4 Qa1+ 40.
Kg2 Qb2 41. Rce4 f6 42. Rg8+ Kf7 43. Ree8 Re7 44. Bg6+ Ke6 45. Rxe7+ Bxe7 46.
Be4 Qe5 47. Bf3 Kf7 48. c7 Kxg8 49. c8=Q+ Kh7 50. Qg4 f5 51. Qh5+ Kg7 52. Qe8
Bd6 53. Qd7+ Kh6 54. Qa4 Qh2+ 55. Kf1 Bb4 56. h5 Qd6 57. Qe8 Qf6 58. Qb8 Bc3
59. Qf4+ Kg7 60. Be2 Bb4 61. Bd3 Bd6 62. h6+ Qxh6 63. Qxf5 Qh1+ 64. Ke2 Bb4 65.
Qg6+ Kf8 66. Qf6+ Kg8 67. Bc4+ Kh7 68. Qf5+ Kh8 69. Qc8+ Kg7 70. Qg8+ Kf6 71.
Qf7+ Kg5 72. f4+ Kh6 73. Qe6+ Kh5 74. Qf5+ Kh6 75. Qg5+ 1-0